[Event "10. Lovsprings EMT Jubilaeumsklasse1998"]
[Site "Ringsted"]
[Date "1998.05.29"]
[Round "7"]
[White "Sivertsen, Palle"]
[Black "Pedersen, Hans Dahl"]
[Result "0-1"]
[WhiteElo "2094"]
[BlackElo "2140"]
[PlyCount "158"]
[EventDate "1998.??.??"]

1. e4 e6 2. d3 d5 3. Nd2 c5 4. g3 Nc6 5. Bg2 g6 6. Ngf3 Bg7 7. O-O Nge7 8. Re1
b6 9. Rb1 a5 10. a4 O-O 11. Nf1 Ra7 12. Bd2 Ba6 13. Qc1 Re8 14. Bh6 Bh8 15. Ne3
Nd4 16. Nxd4 cxd4 17. Ng4 dxe4 18. dxe4 e5 19. Qd1 Nc6 20. Bf1 Bxf1 21. Kxf1 f5
22. Qd3 Qd7 23. exf5 gxf5 24. Qc4+ Qe6 25. Nxe5 Nxe5 26. Qxe6+ Rxe6 27. Bf4
Rae7 28. Bg5 Re8 29. b4 axb4 30. Rxb4 Nd7 31. Reb1 Kf7 32. Rc4 Kg6 33. Bf4 Bf6
34. Rc7 R8e7 35. Rb7 Nc5 36. R7xb6 Nxa4 37. Rxe6 Rxe6 38. Rb4 Nc3 39. Rc4 Ra6
40. h4 Nd5 41. Bd2 Ra1+ 42. Kg2 Ra2 43. Bg5 d3 44. Bxf6 Rxc2 45. Rd4 Nxf6 46.
Rxd3 Ne4 47. Rf3 h5 48. Rf4 Kf6 49. Kg1 Rc4 50. Rf3 Rc3 51. Kg2 Ke5 52. Rf4 Rc2
53. Rf3 Ra2 54. Kg1 Ra1+ 55. Kg2 Rc1 56. Kh2 Rc3 57. Rf4 Rc4 58. Rf3 Nf6 59.
Kg2 Nd5 60. Ra3 f4 61. Ra8 Rc3 62. Re8+ Kf5 63. Rf8+ Nf6 64. gxf4 Rc4 65. Kg3
Rc7 66. Rh8 Rg7+ 67. Kh3 Kxf4 68. Rf8 Rg6 69. Ra8 Kf3 70. Ra5 Kxf2 71. Rf5+ Ke3
72. Ra5 Kf4 73. Rb5 Rg3+ 74. Kh2 Re3 75. Rb4+ Ne4 76. Rb8 Kg4 77. Rg8+ Kxh4 78.
Rg2 Ng3 79. Kg1 Re2 0-1